| 000 | 00571nam a22001697a 4500 | ||
|---|---|---|---|
| 003 | MACL | ||
| 005 | 20160402154029.0 | ||
| 008 | 160402b xxu||||| |||| 00| 0 eng d | ||
| 040 | _cMACL | ||
| 041 | _aHindi | ||
| 082 | _a398 | ||
| 100 |
_aडॉ जय नारायण कौशिक _948187 |
||
| 245 | _aलोक साहित्य और संस्कृति दिग्दर्शन | ||
| 260 |
_aदिल्ली _bअविराम प्रकाशन |
||
| 650 |
_aलोक साहित्य _949621 |
||
| 942 |
_2ddc _cHIN |
||
| 999 |
_c53686 _d53686 |
||